Statystyki dla Uzupełnij tekst Blanka - "Solo" (1 zwrotka)

Kliknij tutaj aby rozwiązać quiz!

Ogólne statystyki

  • Ten quiz został rozwiązany 35 razy
  • Średni wynik to 25 z 42

Statystyki odpowiedzi

HintOdpowiedź% Poprawnych
SoloI
100%
FaceIt
97%
Kind ofCrazy
94%
BabyIt's
94%
NowIt's
94%
No-o-oIt's
94%
SensesBaby
87%
LostMy
84%
BetterSolo
77%
...Solo
77%
DownDown
71%
GettingDown
71%
DidiDown
71%
MeDown
71%
TimeTo
71%
SoLet
65%
NeverLet
65%
NowI'm
58%
NowI'm
58%
YaShow
58%
GonnaShow
58%
HighAnd
55%
Messin'With
55%
ItWith
55%
HowElse
52%
MyMind
52%
ToYa
52%
YaHow
48%
NotHow
48%
You'reLow
48%
WhatHappend
42%
ItOut
42%
ToPhrase
42%
IBe
39%
ItGoes
35%
YouI've
35%
AndCold
32%
IKnew
32%
IThought
32%
You'reHot
29%
MeSpell
29%
ItBut
26%

Rozkład punktacji

Percentyl według liczby udzielonych odpowiedzi

Procent ludzi z każdym wynikiem

Twoja historia wyników

Nie rozwiązałeś tego quizu